1535 1695 1140 1923 1406 1077 1027 1576 1659 1983 1149 1128 1744 1922 1329 1504 1976 1597 1408 1394 1686 1194 1855 1270 1291 1948 1947 1534 1207 1193 1112 1401 1897 1203 1516 1119 1069 1915 1083 1437 1438 1816 1460 1074 1806 1203 1967 1005 1602 1167 1808 1320 1600 1800 1420 1058 1621 1243 1224 1748 1586 1948 1555 1415 1162 1275 1869 1847 1831 1151 1884 1109 1083 1585 1670 1336 1284 1809 1236 1997 1806 1369 1867 1142 1862 1949 1502 1250 1410 1893 1168 1336 1512 1291 1369 1148 1559 1849 1733 BCNSPRNW ULIB Ver.6.0+V

เปลี่ยนเป็นภาษาไทย

Change to English
 แสดงรายละเอียดบรรณานุกรม
  กลับหน้าหลัก

Brief Record : Get Marc (ISO 2709) : E-mail record : QR code < ปิดหน้าต่าง
LEADER : 00000nam 2200000uu 4500
001    13399111538
003     ULIB
008    110630s||||||||th 000 0 tha d
020    9748916367
050  4 BQ4570^bพ335พ 2544
100 0  พระธรรมปิฎก (ประยุทธ์ ปยุตฺโต),^d2481-
245 10 พุทธวิธีแก้ปัญหาเพื่อศตวรรษที่ 21 =^bA Buddhist solution for the Twenty-first Century /^cพระธรรมปิฎก (ประยุทธ์ ปยุตฺโต)
246 31 A Buddhist solution for the Twenty-first Century
250    พิมพ์ครั้งที่12
260    กรุงเทพฯ : บริษัท ธรรมสาร, 2544
300    (15), 82 หน้า ; 21 ซม.
591    LISC มีปี 2546 พิมพ์ครั้งที่ 20
650  7 พุทธศาสนากับสังคม
650  7 พุทธศาสนากับชีวิตประจำวัน
945    ^p0^l0^i019523
995    ทศพร
999 ^a ใช้งานได้ทุกระบบ
รายการนี้ยังไม่มีแท็ก
คุณยังไม่ได้ล็อกอิน คุณสามารถมีกิจกรรมร่วมกับเว็บไซต์ได้ แต่ต้องล็อกอินก่อน ::
  ล็อกอิน

รายการสื่อสารสนเทศ

ลำดับที่ ประเภท เลขเรียก/บาร์โค้ด สถานที่ สถานะ
- ไม่พบข้อมูล -

รายการใกล้เคียง
    หัวเรื่อง [พุทธศาสนากับสังคม]
    หัวเรื่อง [พุทธศาสนากับชีวิตประจำวัน]

BibComment


ยังไม่เคยถูกคอมเมนท์

คอมเมนท์ทรัพยากรรายการนี้
  คอมเมนท์: พุทธวิธีแก้ปัญหาเ..


 Copyright 2026. Bcnsprnw @Library